Etikety na jednotkách přepravního a obchodního balení

V mnohých prípadoch je označovanie zahraničného tovaru odlišné od domáceho. Okrem manipulačných a ekologických značiek sú na prepravných obaloch umiestňované etikety, ktoré obsahujú číselné informácie a údaje zakódované do čiarových kódov. Rozdiely medzi popisom a štruktúrou etikiet. Význam systému...

Descrizione completa

Salvato in:
Dettagli Bibliografici
Autore principale: Lukešová, Jana
Natura: Capitolo di libro
Lingua:ceco
Soggetti:
Tags: Aggiungi Tag
Nessun Tag, puoi essere il primo ad aggiungerne!!

MARC

LEADER 00000naa a2200000 4500
001 r021267
005 20230522112229.7
041 0 |a cze 
044 |a CZ 
245 1 0 |a Etikety na jednotkách přepravního a obchodního balení  |c Jana Lukešová 
520 |a V mnohých prípadoch je označovanie zahraničného tovaru odlišné od domáceho. Okrem manipulačných a ekologických značiek sú na prepravných obaloch umiestňované etikety, ktoré obsahujú číselné informácie a údaje zakódované do čiarových kódov. Rozdiely medzi popisom a štruktúrou etikiet. Význam systému kódovania podľa štandardov EAN. 
610 2 0 |a balenie 
610 2 0 |a etikety 
610 2 0 |a preprava 
610 2 0 |a obaly 
610 2 0 |a kódy čiarové 
610 2 0 |a kódy 
610 2 0 |a informácie 
610 2 0 |a Česko 
610 2 0 |a krajiny vyspelé 
100 1 |a Lukešová, Jana